000
00314nam a2200133Ia 4500
008
240624s9999 xx 000 0 und d
041
_a
eng
082
_a
823 JOS
100
_a
JOSEPH MANU
245
_a
SERIOUS MEN
260
_c
2011
_a
New Delhi
_b
HarperCollins
300
_a
324 : p. : cm. ; 20
365
_c
RS
_b
25
999
_c
18702
_d
18702